000
00310nam a2200145Ia 4500
100
_a
TRACY/BRIAN
650
_a
Communication skills
942
_c
BK
366
_f
20
245
_a
CHANGE YOUR THINKING
260
_b
MANJUL PUBL.
_a
New Delhi
_c
2011
082
_a
170/TRA
300
_a
304
546
_a
ENGLISH
999
_c
18800
_d
18800